Все шоссе Москвы - Statistics

General Stats
  • This quiz has been taken 30 times
  • The average score is 18 of 66
Answer Stats
Номер Шоссе % Correct
9 Варшавское
92%
65 Энтузиастов
88%
28 Ленинградское
83%
22 Каширское
75%
66 Ярославское
75%
14 Дмитровское
71%
1 Алтуфьевское
63%
20 Калужское
63%
64 Щелковское
63%
8 Боровское
54%
48 Пятницкое
54%
10 Волоколамское
50%
32 Можайское
50%
50 Рублевское
50%
16 Загородное
33%
40 Носовихинское
33%
2 Аминьевское
29%
6 Бесединское
29%
42 Открытое
29%
17 Звенигородское
25%
19 Измайловское
25%
24 Коровинское
25%
36 Новорязанское
25%
59 Фрезер
25%
25 Косинское
21%
27 Кутузовское
21%
45 Перовское
21%
49 Рублево-Успенское
21%
56 Строгинское
21%
60 Хорошевское
21%
12 Востряковское
17%
15 Долгопрудненское
17%
21 Карачаровское
17%
23 Коломенское
17%
26 Куркинское
17%
29 Машкинское
17%
38 Новоухтомское
17%
47 Путилковское
17%
61 Челобитьевское
17%
62 Шелепихинское
17%
3 Андроновское
13%
18 Иваньковское
13%
30 Медведковское
13%
35 Новокуркинское
13%
39 Новоцарицынское
13%
44 Пакгаузное
13%
46 Подольское
13%
51 Сколковское
13%
52 Старокалужское
13%
53 Старокаширское
13%
54 Старомарьинское
13%
57 Сусоколовское
13%
58 Фирсановское
13%
5 Белокаменное
8%
7 Богородское
8%
13 Головинское
8%
33 Нагорное
8%
34 Новодачное
8%
37 Новосходненское
8%
41 Обводное
8%
43 Очаковское
8%
55 Староможайское
8%
63 Шереметьевское
8%
4 Афанасовское
4%
11 Воробьевское
4%
31 Международное
4%
No matching quizzes found
Score Distribution
Percent of People with Each Score
Percentile by Number Answered
Your Score History
You have not taken this quiz